000 00685cam a22002293a 4500
001 16298
003 PGUSA
005 20140828083340.0
008 050715s2005||||xxu|||||s|||||000 | eng d
040 _aPGUSA
_beng
042 _adc
050 4 _aE151
100 1 _aMorris, Charles,
_d1833-1922
245 1 0 _aHistoric Tales :
_bThe Romance of Reality. Vol. 01 (of 15), American (1)
_h[electronic resource] /
_cCharles Morris
260 _bProject Gutenberg,
_c2005
506 _aPublic domain in the USA.
516 _aElectronic text
653 _aUnited States -- History
830 0 _aProject Gutenberg
_v16298
856 4 0 _uhttp://www.gutenberg.org/ebooks/16298
942 _cEB
999 _c245553
_d245553